Tales from the Quran and Hadith/ (Record no. 181297)

000 -LEADER
fixed length control field 00396nam a22001577a 4500
020 ## - INTERNATIONAL STANDARD BOOK NUMBER
ISBN 9789386228062
082 ## - DEWEY DECIMAL CLASSIFICATION NUMBER
Classification number 823.01
Item number RAN/T
100 ## - MAIN ENTRY--AUTHOR NAME
Personal name Rana Safvi
245 ## - TITLE STATEMENT
Title Tales from the Quran and Hadith/
Statement of responsibility, etc by Rana Safvi
260 ## - PUBLICATION, DISTRIBUTION, ETC. (IMPRINT)
Place of publication New Delhi:
Name of publisher Juggernaut books,
Year of publication 2017.
300 ## - PHYSICAL DESCRIPTION
Number of Pages 179p.
650 ## - SUBJECT ADDED ENTRY--TOPICAL TERM
Topical Term Stories English
650 ## - SUBJECT ADDED ENTRY--TOPICAL TERM
Topical Term English Literature
650 ## - SUBJECT ADDED ENTRY--TOPICAL TERM
Topical Term Literature
942 ## - ADDED ENTRY ELEMENTS (KOHA)
Koha item type Book
Holdings
Withdrawn status Lost status Damaged status Not for loan Permanent Location Current Location Shelving location Date acquired Cost, normal purchase price Full call number Accession Number Price effective from Koha item type
        Sree Sankaracharya University of Sanskrit Sree Sankaracharya University of Sanskrit Stacks 24.04.2026 399.00 823.01 RAN/T 108213 24.04.2026 Book